00426nam a22001337a 4500003000500000038001800005082000800023100001700031245008100048264003500129650003300164700003800197856005700235NUST aNusrat Nadeem a200 aRahim, Naira aAI Enhanced Localization of Vocational Training for Pakistan/cNaira Rahim,  aIslamabad:bSEECS NUST.c2025. aMS- Artificial Intelligence  aSupervisor: Dr. Fahad Ahmed Satti uhttp://10.250.8.41:8080/xmlui/handle/123456789/54379